000
00231 a2200097 4500
001
56982
100
_a
245
_a
Nigharshat-e-Doctor Mohammad Hameedullah
260
_a
Lahore
_b
Beacon Pub
_c
2007
090
_c
34909
_d
34909
942
_a
NUST-CAE
_c
MONOGRAPH
_c
27679
999
_c
292055
_d
292055